[Event "Deutsche Ländermeisterschaft 2014"]
[Site "Hannover GER"]
[Date "2014.10.05"]
[Round "5"]
[White "Scheftlein, Richard"]
[Black "Koch, Elisabeth"]
[Result "1-0"]
[Termination "normal"]
[Board "7.5"]
[WhiteElo "1999"]
[BlackElo "1683"]
[WhiteTeam "Thüringen"]
[BlackTeam "Berlin"]
[PlyCount "81"]
[WhiteFideId "12945609"]
[BlackFideId "24695068"]
[EventCountry "GER"]
[EventRounds "7"]
[EventType "team-swiss"]
[EventDate "2014.10.02"]

1. d4 Nf6 2. c4 e6 3. Nc3 d5 4. cxd5 exd5 5. Bg5 Be7 6. e3 O-O 7. Bd3 Be6 8.
Nf3 b6 9. O-O c5 10. e4 cxd4 11. Nxd4 Bg4 12. Qe1 dxe4 13. Bxf6 Bxf6 14. Qxe4
g6 15. Qxa8 Bxd4 16. Be2 Be6 17. Rad1 Qf6 18. Qf3 Bf5 19. Nd5 Qe5 20. Ne7+ Qxe7
21. Rxd4 Nd7 22. Rfd1 Re8 23. Bf1 Ne5 24. Qe3 Bg4 25. Re1 Qf8 26. Rxg4 Nf3+ 27.
Qxf3 Rxe1 28. Re4 Ra1 29. a3 Rb1 30. Qe2 Qd6 31. g3 Qf6 32. Re8+ Kg7 33. Qe5
Qxe5 34. Rxe5 Rxb2 35. Re7 a5 36. Bc4 Rb1+ 37. Kg2 b5 38. Rxf7+ Kh6 39. Rb7 b4
40. axb4 axb4 41. Bg8 1-0

[Event "Deutsche Ländermeisterschaft 2014"]
[Site "Hannover GER"]
[Date "2014.10.05"]
[Round "5"]
[White "Greßmann, Hanna"]
[Black "Ratay, Meike"]
[Result "1/2-1/2"]
[Termination "normal"]
[Board "7.6"]
[WhiteElo "1565"]
[BlackElo "1575"]
[WhiteTeam "Berlin"]
[BlackTeam "Thüringen"]
[PlyCount "75"]
[WhiteFideId "12930709"]
[BlackFideId "12977608"]
[EventCountry "GER"]
[EventRounds "7"]
[EventType "team-swiss"]
[EventDate "2014.10.02"]

1. e4 e5 2. Nf3 Nc6 3. Bc4 Bc5 4. c3 Nf6 5. d3 O-O 6. O-O d5 7. exd5 Nxd5 8.
Nbd2 h6 9. Ne4 Bb6 10. h3 Re8 11. Re1 Bf5 12. Ng3 Bg6 13. Nh2 Qd6 14. Qf3 Nf6
15. Nf5 Bxf5 16. Qxf5 a6 17. Bb3 Rad8 18. Bc2 Ba7 19. Ng4 Nxg4 20. hxg4 Qg6 21.
Qxg6 fxg6 22. g5 Rf8 23. Be3 Bxe3 24. Rxe3 h5 25. Bd1 Rf5 26. Bf3 Rd6 27. Rae1
Rxg5 28. Bxc6 bxc6 29. Rxe5 Rxe5 30. Rxe5 Rxd3 31. Ra5 Rd1+ 32. Kh2 Rd2 33.
Rxa6 Rxb2 34. Rxc6 Rxa2 35. Rxc7 Rxf2 36. c4 Rf7 37. Rc8+ Rf8 38. Rc7 1/2-1/2

[Event "Deutsche Ländermeisterschaft 2014"]
[Site "Hannover GER"]
[Date "2014.10.05"]
[Round "5"]
[White "Grund, Sebastian"]
[Black "Dathe, Frederick"]
[Result "1/2-1/2"]
[Termination "normal"]
[Board "7.7"]
[WhiteElo "1791"]
[BlackElo "1654"]
[WhiteTeam "Thüringen"]
[BlackTeam "Berlin"]
[PlyCount "105"]
[WhiteFideId "12988626"]
[BlackFideId "12963070"]
[EventCountry "GER"]
[EventRounds "7"]
[EventType "team-swiss"]
[EventDate "2014.10.02"]

1. Nf3 Nf6 2. g3 d5 3. Bg2 Bf5 4. O-O c5 5. c4 e6 6. cxd5 exd5 7. d4 Nc6 8.
dxc5 Bxc5 9. a3 O-O 10. Nc3 Be6 11. Bg5 Be7 12. Rc1 h6 13. Bf4 Rc8 14. Ne5 Bd6
15. Nxc6 bxc6 16. Bxd6 Qxd6 17. Qa4 Rb8 18. b4 Rfc8 19. Rfd1 Qe5 20. e3 Bg4 21.
Re1 Qh5 22. Nb1 Bd7 23. Qd1 Qg6 24. Nd2 Qd3 25. Nb3 Qxd1 26. Rexd1 Kf8 27. Nc5
Ke7 28. e4 dxe4 29. Nxe4 Nxe4 30. Bxe4 Rb6 31. Rxd7+ Kxd7 32. Bf5+ Kc7 33. Bxc8
Kxc8 34. Rc5 Kd7 35. Ra5 Rb7 36. Kf1 Ke6 37. Ke2 Rd7 38. Ke3 f5 39. f4 g6 40.
Re5+ Kf7 41. Rc5 Rd6 42. Ra5 Rd7 43. Ra6 Rc7 44. Kd4 Ke6 45. Ra5 Kd6 46. Re5
Rc8 47. Ra5 Rc7 48. Kc4 Rb7 49. Re5 Rb8 50. a4 a6 51. Ra5 Rb6 52. Re5 Rb8 53.
Ra5 1/2-1/2

[Event "Deutsche Ländermeisterschaft 2014"]
[Site "Hannover GER"]
[Date "2014.10.05"]
[Round "5"]
[White "Schnabel, Luise"]
[Black "Geletzke, Hannah"]
[Result "1-0"]
[Termination "normal"]
[Board "7.8"]
[WhiteElo "1369"]
[BlackElo "1251"]
[WhiteTeam "Berlin"]
[BlackTeam "Thüringen"]
[PlyCount "53"]
[WhiteFideId "12943347"]
[BlackFideId "12983330"]
[EventCountry "GER"]
[EventRounds "7"]
[EventType "team-swiss"]
[EventDate "2014.10.02"]

1. e4 e5 2. Nf3 Nc6 3. Bc4 Bc5 4. O-O Nf6 5. d3 O-O 6. c3 d5 7. exd5 Nxd5 8.
Re1 Re8 9. b4 Bb6 10. a4 a6 11. Be3 Nxe3 12. fxe3 Bg4 13. Nbd2 Qf6 14. Qc2 Qh6
15. d4 exd4 16. exd4 Rad8 17. a5 Ba7 18. h3 Bh5 19. Bb3 Bg6 20. Qa2 Re3 21.
Rac1 Rde8 22. Rf1 Re2 23. Bc4 R2e7 24. b5 Nb8 25. bxa6 bxa6 26. Ne5 Kh8 27.
Ndf3 1-0

[Event "Deutsche Ländermeisterschaft 2014"]
[Site "Hannover GER"]
[Date "2014.10.05"]
[Round "5"]
[White "Kneip, Jakob"]
[Black "Eichstaedt, Mirko"]
[Result "1/2-1/2"]
[Termination "normal"]
[Board "8.1"]
[WhiteElo "2033"]
[BlackElo "1994"]
[WhiteTeam "Hamburg"]
[BlackTeam "Brandenburg"]
[PlyCount "146"]
[WhiteFideId "12912859"]
[BlackFideId "24692310"]
[EventCountry "GER"]
[EventRounds "7"]
[EventType "team-swiss"]
[EventDate "2014.10.02"]

1. d4 d5 2. c4 c6 3. Nf3 Nf6 4. e3 e6 5. b3 Bd6 6. Nbd2 Nbd7 7. Bd3 O-O 8. Bb2
Qe7 9. Ne5 c5 10. O-O b6 11. cxd5 exd5 12. f4 Bb7 13. Qf3 cxd4 14. exd4 Bb4 15.
Rad1 Bxd2 16. Rxd2 Ne4 17. Rc2 f6 18. Ng4 Rfc8 19. Rfc1 Rxc2 20. Rxc2 Qd6 21.
Ne3 Re8 22. Nf5 Qe6 23. Qg4 g6 24. Nh6+ Kg7 25. Rc7 Bc6 26. Bxe4 Qxe4 27. Nf5+
Kh8 28. Qd1 gxf5 29. Rxc6 Qe3+ 30. Kf1 Qxf4+ 31. Kg1 Qe3+ 32. Kf1 Qe4 33. Bc1
Nf8 34. Rc2 Qh4 35. g3 Qe4 36. Kf2 Re7 37. Ba3 Qe3+ 38. Kg2 Qe4+ 39. Kf2 Re8
40. Bxf8 Rxf8 41. Re2 Qg4 42. Qd2 Rg8 43. Re7 Qh5 44. Kg2 a5 45. Qf4 Rc8 46.
Qd2 Qg4 47. h3 Qh5 48. Qe2 Qg6 49. Qe6 Rg8 50. Qe3 Qh5 51. Qf4 Rc8 52. g4 Qg6
53. Qxf5 Qxf5 54. gxf5 Rc2+ 55. Kf3 Rxa2 56. Rb7 Rd2 57. Rxb6 Kg7 58. Rb5 Rxd4
59. Rxa5 Rd3+ 60. Kg4 Kh6 61. h4 Rd4+ 62. Kg3 Kh5 63. Ra6 Rxh4 64. Rxf6 Rg4+
65. Kf3 Kg5 66. Rf7 h5 67. f6 Rb4 68. Rf8 Rxb3+ 69. Kf2 Rb6 70. f7 Kh4 71. Rd8
Rf6+ 72. Kg2 Rxf7 73. Rxd5 Rg7+ 1/2-1/2

[Event "Deutsche Ländermeisterschaft 2014"]
[Site "Hannover GER"]
[Date "2014.10.05"]
[Round "5"]
[White "Cech, Tim"]
[Black "Spät, Alexander"]
[Result "1/2-1/2"]
[Termination "normal"]
[Board "8.2"]
[WhiteElo "1812"]
[BlackElo "2014"]
[WhiteTeam "Brandenburg"]
[BlackTeam "Hamburg"]
[PlyCount "59"]
[WhiteFideId "1270258"]
[BlackFideId "24687693"]
[EventCountry "GER"]
[EventRounds "7"]
[EventType "team-swiss"]
[EventDate "2014.10.02"]

1. d4 d5 2. Nf3 Nf6 3. c4 c6 4. Qc2 dxc4 5. Qxc4 Bf5 6. Nc3 e6 7. Qb3 Qb6 8.
Qxb6 axb6 9. Bg5 Bb4 10. Bxf6 gxf6 11. a3 b5 12. g3 Nd7 13. Bg2 Bxc3+ 14. bxc3
Nb6 15. Nd2 Bc2 16. O-O Nc4 17. Nxc4 bxc4 18. Rfc1 Bb3 19. Be4 Kd7 20. Bc2 Bxc2
21. Rxc2 Ra4 22. Rb2 b5 23. Rb4 Ra7 24. Rb2 Rha8 25. Rba2 e5 26. e3 c5 27. dxc5
Kc6 28. Kf1 Kxc5 29. Ke2 Ra4 30. e4 1/2-1/2

[Event "Deutsche Ländermeisterschaft 2014"]
[Site "Hannover GER"]
[Date "2014.10.05"]
[Round "5"]
[White "Pfreundt, Jakob"]
[Black "Tiarks, Jann-Christian"]
[Result "1-0"]
[Termination "normal"]
[Board "8.3"]
[WhiteElo "2040"]
[BlackElo "1686"]
[WhiteTeam "Hamburg"]
[BlackTeam "Brandenburg"]
[PlyCount "99"]
[WhiteFideId "12918156"]
[BlackFideId "12951595"]
[EventCountry "GER"]
[EventRounds "7"]
[EventType "team-swiss"]
[EventDate "2014.10.02"]

1. e4 e6 2. d4 d5 3. Nc3 dxe4 4. Nxe4 Nd7 5. Nf3 Ngf6 6. Nxf6+ Nxf6 7. c3 Be7
8. Bg5 O-O 9. Bd3 b6 10. Qc2 h6 11. Bxf6 Bxf6 12. Be4 Rb8 13. O-O-O Ba6 14. h4
g6 15. g4 Bg7 16. Ne5 Qd6 17. f4 Bb7 18. Bxb7 Rxb7 19. Qe4 Qd5 20. Qxd5 exd5
21. Nc6 Re8 22. Rde1 Rxe1+ 23. Rxe1 Bf8 24. Re8 Kg7 25. a4 b5 26. a5 b4 27. Kc2
bxc3 28. Kxc3 Bd6 29. Ra8 Bxf4 30. Rxa7 Rb5 31. Ra8 Bg3 32. b4 Bxh4 33. a6 Rb6
34. b5 Rxb5 35. a7 Rb6 36. Rg8+ Kxg8 37. a8=Q+ Kg7 38. Ne5 Bg3 39. Qxd5 Rf6 40.
Qc4 h5 41. gxh5 gxh5 42. Qe2 Rf5 43. Qd3 Rg5 44. Nf3 Rg6 45. Qf5 h4 46. Ne5
Bxe5 47. Qxe5+ Kh7 48. Qxc7 Rf6 49. d5 h3 50. Qh2 1-0

[Event "Deutsche Ländermeisterschaft 2014"]
[Site "Hannover GER"]
[Date "2014.10.05"]
[Round "5"]
[White "Nguyen, Anh Van"]
[Black "Krüger, David"]
[Result "0-1"]
[Termination "normal"]
[Board "8.4"]
[WhiteElo "1640"]
[BlackElo "2036"]
[WhiteTeam "Brandenburg"]
[BlackTeam "Hamburg"]
[PlyCount "100"]
[WhiteFideId "12908223"]
[BlackFideId "12921858"]
[EventCountry "GER"]
[EventRounds "7"]
[EventType "team-swiss"]
[EventDate "2014.10.02"]

1. e4 e5 2. Nf3 Nc6 3. d4 exd4 4. Nxd4 Nf6 5. Nc3 Bc5 6. Nb3 Bb6 7. Be2 O-O 8.
O-O Re8 9. Bg5 h6 10. Bh4 g5 11. Bg3 Nxe4 12. Nxe4 Rxe4 13. Bd3 Re8 14. Qh5 Qf6
15. Rae1 Rxe1 16. Rxe1 d6 17. Re8+ Kg7 18. h4 Rb8 19. hxg5 Qxg5 20. Qxg5+ hxg5
21. Be4 Kf6 22. Kf1 a6 23. c3 Ba7 24. f3 Bd7 25. Rxb8 Bxb8 26. Bf2 Ke7 27. g4
Be6 28. Ke2 Nd8 29. Kd2 c6 30. Kc2 Bc7 31. a3 Kd7 32. Bd3 Bd5 33. Be3 f6 34.
Nd2 c5 35. Bf5+ Be6 36. Bd3 Nc6 37. Ne4 Ke7 38. c4 Ne5 39. Nd2 b6 40. b3 Nxd3
41. Kxd3 d5 42. Bf2 Bf7 43. Ke2 a5 44. a4 Bf4 45. Be3 Bxe3 46. Kxe3 d4+ 47. Kd3
Bg6+ 48. Ne4 Ke6 49. Ke2 Bxe4 50. fxe4 Ke5 0-1

[Event "Deutsche Ländermeisterschaft 2014"]
[Site "Hannover GER"]
[Date "2014.10.05"]
[Round "5"]
[White "Brandt, Carina"]
[Black "Wolff, Marie Antoinette"]
[Result "1-0"]
[Termination "normal"]
[Board "8.5"]
[WhiteElo "1886"]
[BlackElo "1714"]
[WhiteTeam "Hamburg"]
[BlackTeam "Brandenburg"]
[PlyCount "133"]
[WhiteFideId "12917940"]
[BlackFideId "12908258"]
[EventCountry "GER"]
[EventRounds "7"]
[EventType "team-swiss"]
[EventDate "2014.10.02"]

1. e4 c5 2. c3 d5 3. exd5 Qxd5 4. d4 Nc6 5. Nf3 Bg4 6. Be2 e6 7. Be3 Nf6 8.
dxc5 O-O-O 9. Qxd5 Nxd5 10. b4 Nxe3 11. fxe3 Bxf3 12. Bxf3 g6 13. Bxc6 bxc6 14.
Rf1 f5 15. Ke2 Bg7 16. a4 a6 17. Ra3 Rd7 18. Nd2 Rhd8 19. Nc4 Kc7 20. Rc1 Kb8
21. Rb3 Kc7 22. Rc2 g5 23. Rd2 Rxd2+ 24. Nxd2 Be5 25. h3 h5 26. Nf3 Bf6 27. c4
e5 28. g4 fxg4 29. hxg4 hxg4 30. Nd2 g3 31. Ne4 g2 32. Kf2 Be7 33. Kxg2 Rh8 34.
b5 cxb5 35. cxb5 Rh4 36. b6+ Kb8 37. Kf3 Rh3+ 38. Ke2 Rh2+ 39. Kd3 Ra2 40. c6
Ra3 41. Rxa3 Bxa3 42. Nf6 Bd6 43. Nd7+ Kc8 44. b7+ Kd8 45. b8=Q+ Bxb8 46. Nxb8
Kc7 47. Nxa6+ Kxc6 48. Nb4+ Kc5 49. a5 Kb5 50. a6 Kb6 51. Ke2 e4 52. Kf2 Ka7
53. Kg3 Ka8 54. Kg4 Ka7 55. Kxg5 Ka8 56. Kf4 Ka7 57. Kxe4 Kb8 58. Kd5 Ka7 59.
e4 Ka8 60. e5 Ka7 61. e6 Ka8 62. e7 Ka7 63. e8=Q Kb6 64. Qb8+ Ka5 65. a7 Ka4
66. Nd3 Ka5 67. a8=R# 1-0

[Event "Deutsche Ländermeisterschaft 2014"]
[Site "Hannover GER"]
[Date "2014.10.05"]
[Round "5"]
[White "Sauer, Annika"]
[Black "Meyling, Lennart"]
[Result "0-1"]
[Termination "normal"]
[Board "8.6"]
[WhiteElo "1624"]
[BlackElo "1713"]
[WhiteTeam "Brandenburg"]
[BlackTeam "Hamburg"]
[PlyCount "46"]
[WhiteFideId "12952052"]
[BlackFideId "12947130"]
[EventCountry "GER"]
[EventRounds "7"]
[EventType "team-swiss"]
[EventDate "2014.10.02"]

1. d4 Nf6 2. c4 g6 3. Nc3 Bg7 4. e4 d6 5. Nf3 O-O 6. Be2 e5 7. O-O Re8 8. dxe5
dxe5 9. Qxd8 Rxd8 10. Nxe5 Nxe4 11. Nxe4 Bxe5 12. Bg5 Re8 13. Rad1 Bf5 14. Nf6+
Bxf6 15. Bxf6 Nd7 16. Bf3 Nxf6 17. Bxb7 Rab8 18. Bc6 Re2 19. a4 Rexb2 20. Rfe1
R2b4 21. Bb5 Bc2 22. Ra1 a6 23. Bxa6 R4b6 0-1

[Event "Deutsche Ländermeisterschaft 2014"]
[Site "Hannover GER"]
[Date "2014.10.05"]
[Round "5"]
[White "Voß, Henrike"]
[Black "Röhr, Tobias"]
[Result "1/2-1/2"]
[Termination "normal"]
[Board "8.7"]
[WhiteElo "1604"]
[BlackElo "1618"]
[WhiteTeam "Hamburg"]
[BlackTeam "Brandenburg"]
[PlyCount "196"]
[WhiteFideId "12971910"]
[BlackFideId "12963089"]
[EventCountry "GER"]
[EventRounds "7"]
[EventType "team-swiss"]
[EventDate "2014.10.02"]

1. e4 c5 2. d4 cxd4 3. c3 dxc3 4. Nxc3 e6 5. Bc4 Bb4 6. Bd2 Nc6 7. Nf3 Nge7 8.
a3 Ba5 9. b4 Bb6 10. Bf4 Bc7 11. Bxc7 Qxc7 12. O-O O-O 13. Qe2 a6 14. Rac1 b5
15. Bb3 Bb7 16. Rfd1 Rfd8 17. Qe3 Ng6 18. Ne2 Nge5 19. Ned4 Nxf3+ 20. Nxf3 d6
21. Qf4 Qe7 22. Qg4 Qf6 23. Qh5 h6 24. Bc2 Rac8 25. Qg4 Ne5 26. Nxe5 Qxe5 27.
Qe2 d5 28. f3 dxe4 29. Rxd8+ Rxd8 30. Bxe4 Bxe4 31. fxe4 f5 32. Re1 fxe4 33.
Qxe4 Qxe4 34. Rxe4 Rd3 35. Rxe6 Rxa3 36. Rb6 Rb3 37. Rxa6 Rxb4 38. Rb6 Rb2 39.
h3 b4 40. Kh2 b3 41. Kg3 Kf7 42. Kf3 g6 43. g3 Rb1 44. Ke2 b2 45. Kd2 Rh1 46.
Rxb2 Rxh3 47. Rb3 Kf6 48. Ke2 Kg5 49. Kf3 Rh1 50. Rb5+ Kf6 51. Rb6+ Kf7 52.
Rb7+ Ke8 53. Rb8+ Kd7 54. Rb6 g5 55. Kg4 Kc7 56. Rf6 Kd7 57. Rb6 Kc7 58. Rf6
Kd8 59. Re6 Kd7 60. Rf6 Ke7 61. Rf3 Re1 62. Kh5 Re6 63. Rf2 Re3 64. Kg4 Ke6 65.
Rh2 Re4+ 66. Kf3 Kf5 67. Rxh6 g4+ 68. Kf2 Ra4 69. Rh2 Ra2+ 70. Kg1 Ra1+ 71. Kf2
Ke4 72. Rg2 Kd3 73. Rh2 Rc1 74. Rg2 Rb1 75. Rh2 Rb5 76. Kg1 Ke3 77. Rf2 Rb1+
78. Kg2 Rb4 79. Rf6 Rb2+ 80. Kg1 Rb1+ 81. Kg2 Rb2+ 82. Kg1 Rb8 83. Kg2 Ra8 84.
Kg1 Rg8 85. Kg2 Rg7 86. Kg1 Rh7 87. Kg2 Rg7 88. Kg1 Rg5 89. Kg2 Ke2 90. Rf2+
Ke3 91. Rf6 Re5 92. Kg1 Rd5 93. Kg2 Rd3 94. Rf7 Rd2+ 95. Kg1 Re2 96. Rf6 Rc2
97. Rf7 Rc1+ 98. Kg2 Rc2+ 1/2-1/2

[Event "Deutsche Ländermeisterschaft 2014"]
[Site "Hannover GER"]
[Date "2014.10.05"]
[Round "5"]
[White "Pietsch, Katharina"]
[Black "Michna, Masza"]
[Result "0-1"]
[Termination "normal"]
[Board "8.8"]
[WhiteElo "981"]
[BlackElo "1347"]
[WhiteTeam "Brandenburg"]
[BlackTeam "Hamburg"]
[PlyCount "68"]
[WhiteFideId "12997013"]
[BlackFideId "12921998"]
[EventCountry "GER"]
[EventRounds "7"]
[EventType "team-swiss"]
[EventDate "2014.10.02"]

1. e4 c5 2. Nf3 Nc6 3. Bc4 e6 4. d4 cxd4 5. Nxd4 Nge7 6. Be3 g6 7. Ne2 Bg7 8.
Nbc3 Qa5 9. O-O Qb4 10. Qd3 Ne5 11. a3 Qxc4 12. Qxc4 Nxc4 13. Rab1 Nxe3 14.
fxe3 O-O 15. Rbd1 Rd8 16. Rf2 Bh6 17. Rf3 b6 18. Rdf1 Rf8 19. Rh3 Kg7 20. g4
Bg5 21. Nf4 d6 22. Rhf3 Bxf4 23. exf4 f5 24. gxf5 exf5 25. exf5 Bxf5 26. R1f2
Rac8 27. a4 a6 28. Re3 Nc6 29. Nd5 Nd4 30. Re7+ Rf7 31. Rxf7+ Kxf7 32. c3 Ne6
33. b4 b5 34. axb5 axb5 0-1

[Event "Deutsche Ländermeisterschaft 2014"]
[Site "Hannover GER"]
[Date "2014.10.05"]
[Round "5"]
[White "Weber, Max"]
[Black "Rieß, Alexander"]
[Result "0-1"]
[Termination "normal"]
[Board "9.1"]
[WhiteElo "2188"]
[BlackElo "1937"]
[WhiteTeam "Mecklenburg-Vorpommern"]
[BlackTeam "Team Nord"]
[PlyCount "168"]
[WhiteFideId "4624831"]
[BlackFideId "12953326"]
[EventCountry "GER"]
[EventRounds "7"]
[EventType "team-swiss"]
[EventDate "2014.10.02"]

1. d4 Nf6 2. c4 g6 3. Nc3 d5 4. cxd5 Nxd5 5. e4 Nxc3 6. bxc3 Bg7 7. Be3 c5 8.
Nf3 O-O 9. Rc1 cxd4 10. cxd4 Qa5+ 11. Qd2 Qxd2+ 12. Nxd2 Nc6 13. Nb3 f5 14.
Bc4+ Kh8 15. e5 f4 16. Bd2 Rd8 17. Bc3 b6 18. O-O Bf5 19. Rfe1 e6 20. Bb5 Ne7
21. Bd2 a6 22. Bc6 Rac8 23. Bb7 Rc2 24. Rxc2 Bxc2 25. Bxf4 Bxb3 26. axb3 Rxd4
27. Bg5 Nd5 28. Bxa6 h6 29. Bc1 g5 30. Bc4 Bf8 31. g3 Bc5 32. Bb2 Rd2 33. Re2
Rd1+ 34. Kg2 Kg7 35. h3 Nc7 36. Rc2 Nd5 37. Be2 Rb1 38. Rd2 Bb4 39. Bd3 Bxd2
40. Bxb1 b5 41. Kf3 b4 42. Bd4 Bc3 43. Ke4 Be1 44. Bd3 Nc3+ 45. Kf3 Bd2 46. Bc4
Kf7 47. Bc5 Nd5 48. Ke4 Ne7 49. Be2 Nd5 50. Bc4 Ne7 51. f4 gxf4 52. gxf4 Nf5
53. Bf2 Bc3 54. Be2 Kg6 55. Bd3 Ne7 56. Kf3+ Kf7 57. Kg4 Bd2 58. Be4 Bc3 59.
Bc5 Bd2 60. f5 exf5+ 61. Bxf5 h5+ 62. Kxh5 Nxf5 63. Kg4 Ke6 64. h4 Kxe5 65. h5
Ke4 66. Bf8 Nh6+ 67. Kh4 Kf5 68. Be7 Be1+ 69. Kh3 Kf4 70. Bd8 Kf3 71. Be7 Nf5
72. Bg5 Bc3 73. h6 Nd6 74. Kh4 Nf7 75. Bc1 Ke2 76. Kh5 Kd1 77. Bf4 Kc2 78. Kg6
Nh8+ 79. Kh7 Kxb3 80. Bd6 Kc4 81. Bf8 b3 82. Bg7 Nf7 83. Kg6 Nxh6 84. Bxh6 b2
0-1

[Event "Deutsche Ländermeisterschaft 2014"]
[Site "Hannover GER"]
[Date "2014.10.05"]
[Round "5"]
[White "Nahnsen, Kenneth"]
[Black "Ispirjan, Mikael"]
[Result "0-1"]
[Termination "normal"]
[Board "9.2"]
[WhiteElo "1960"]
[BlackElo "1963"]
[WhiteTeam "Team Nord"]
[BlackTeam "Mecklenburg-Vorpommern"]
[PlyCount "100"]
[WhiteFideId "12957119"]
[BlackFideId "1271217"]
[EventCountry "GER"]
[EventRounds "7"]
[EventType "team-swiss"]
[EventDate "2014.10.02"]

1. e4 c6 2. d4 d5 3. exd5 cxd5 4. c4 Nf6 5. Nc3 Nc6 6. Nf3 Bg4 7. cxd5 Nxd5 8.
Qb3 Bxf3 9. gxf3 e6 10. Qxb7 Nxd4 11. Bb5+ Nxb5 12. Qc6+ Ke7 13. Qxb5 Nxc3 14.
bxc3 Qd7 15. Qa6 Rc8 16. c4 Rc6 17. Qa4 f6 18. O-O Rd6 19. Qa5 Kf7 20. Be3 Be7
21. Qxa7 Qxa7 22. Bxa7 Ra8 23. Be3 Rc6 24. Rfc1 Ba3 25. Rc2 Rac8 26. c5 R6c7
27. Rb1 Bxc5 28. Bxc5 Rxc5 29. Rb7+ Kg6 30. Rd2 R8c7 31. Rb6 R5c6 32. Rb4 Rc2
33. Rxc2 Rxc2 34. a4 Ra2 35. Kg2 h5 36. f4 Kf5 37. Rc4 g6 38. Rb4 e5 39. fxe5
fxe5 40. Kg3 Ra3+ 41. Kg2 e4 42. Rc4 Ra2 43. Kg1 Kf4 44. Kg2 g5 45. h3 g4 46.
hxg4 hxg4 47. Kf1 g3 48. fxg3+ Kf3 49. Rc1 e3 50. g4 Rxa4 0-1

[Event "Deutsche Ländermeisterschaft 2014"]
[Site "Hannover GER"]
[Date "2014.10.05"]
[Round "5"]
[White "Schumann, Rabea"]
[Black "Schnabel, Bennett"]
[Result "1-0"]
[Termination "normal"]
[Board "9.3"]
[WhiteElo "1708"]
[BlackElo "1744"]
[WhiteTeam "Mecklenburg-Vorpommern"]
[BlackTeam "Team Nord"]
[PlyCount "69"]
[WhiteFideId "12918199"]
[BlackFideId "12943290"]
[EventCountry "GER"]
[EventRounds "7"]
[EventType "team-swiss"]
[EventDate "2014.10.02"]

1. c4 e6 2. g3 c6 3. Nf3 d5 4. d4 f5 5. Bg2 Nf6 6. Bf4 Qa5+ 7. Nbd2 dxc4 8. Qc2
c3 9. bxc3 Nd5 10. Bxb8 Rxb8 11. c4 Nf6 12. O-O Be7 13. c5 O-O 14. a4 Qc7 15.
e3 Bd7 16. a5 Rfc8 17. Rfb1 Nd5 18. Rb3 Be8 19. Qb2 Bh5 20. Ne5 Be2 21. Ndc4
Bxc4 22. Nxc4 Rf8 23. Rb1 Bf6 24. Rxb7 Rxb7 25. Qxb7 Qxb7 26. Rxb7 a6 27. Ra7
Nb4 28. Rc7 Bd8 29. Rb7 Nd5 30. Ne5 Bxa5 31. Nxc6 Be1 32. Kf1 Bc3 33. Bxd5 exd5
34. Rb3 Bd2 35. Ke2 1-0

[Event "Deutsche Ländermeisterschaft 2014"]
[Site "Hannover GER"]
[Date "2014.10.05"]
[Round "5"]
[White "Helmer, Jan"]
[Black "Schmekel, Florian"]
[Result "0-1"]
[Termination "normal"]
[Board "9.4"]
[WhiteElo "1651"]
[BlackElo "1792"]
[WhiteTeam "Team Nord"]
[BlackTeam "Mecklenburg-Vorpommern"]
[PlyCount "134"]
[WhiteFideId "12956686"]
[BlackFideId "12913456"]
[EventCountry "GER"]
[EventRounds "7"]
[EventType "team-swiss"]
[EventDate "2014.10.02"]

1. d4 Nf6 2. c4 e6 3. Nc3 Bb4 4. e3 c5 5. Bd3 Bxc3+ 6. bxc3 d6 7. Ne2 O-O 8.
O-O e5 9. Qc2 Qe7 10. e4 Nc6 11. d5 Na5 12. Bg5 h6 13. Bh4 g5 14. Bg3 Nh5 15.
Qd2 Ng7 16. h3 b6 17. Nc1 f5 18. f3 fxe4 19. fxe4 Ba6 20. Qe2 Rxf1+ 21. Kxf1
Qf7+ 22. Kg1 Nh5 23. Bh2 Rf8 24. Nb3 Nxb3 25. axb3 Bc8 26. Rf1 Qxf1+ 27. Qxf1
Rxf1+ 28. Kxf1 Kf7 29. Be2 Nf6 30. Bd3 Bd7 31. Ke2 h5 32. Bg1 Kg6 33. Ke3 h4
34. Be2 g4 35. hxg4 Kg5 36. Bf3 Bxg4 37. Bf2 Nh5 38. Bg1 Nf4 39. Bh2 Ng6 40. b4
a5 41. bxc5 bxc5 42. Kd2 Bxf3 43. gxf3 Nf4 44. Kc2 a4 45. Kb2 Ne2 46. Ka3 Nxc3
47. Kb2 Ne2 48. Ka3 Ng3 49. Kxa4 Kf4 50. Kb5 Kxf3 51. Kc6 Nxe4 52. Bxe5 dxe5
53. d6 Nxd6 54. Kxd6 h3 55. Kxc5 h2 56. Kd6 e4 57. c5 h1=Q 58. c6 Qd1+ 59. Kc7
Qb3 60. Kd6 Qd3+ 61. Ke7 Qc4 62. Kd7 Qd5+ 63. Kc7 e3 64. Kb6 Qb3+ 65. Ka7 Qa4+
66. Kb7 Qb5+ 67. Kc7 e2 0-1

[Event "Deutsche Ländermeisterschaft 2014"]
[Site "Hannover GER"]
[Date "2014.10.05"]
[Round "5"]
[White "Schamber, Dennis"]
[Black "Wagner, Benjamin"]
[Result "1-0"]
[Termination "normal"]
[Board "9.5"]
[WhiteElo "1552"]
[BlackElo "1601"]
[WhiteTeam "Mecklenburg-Vorpommern"]
[BlackTeam "Team Nord"]
[PlyCount "69"]
[WhiteFideId "12952176"]
[BlackFideId "12957330"]
[EventCountry "GER"]
[EventRounds "7"]
[EventType "team-swiss"]
[EventDate "2014.10.02"]

1. d4 Nf6 2. c4 g6 3. Nc3 Bg7 4. e4 d6 5. f3 O-O 6. Be3 Nc6 7. Qd2 a6 8. h4 h5
9. Nh3 Rb8 10. Rg1 Bd7 11. Be2 e5 12. d5 Ne7 13. g4 b5 14. cxb5 axb5 15. b4 Qc8
16. Nf2 Kh7 17. gxh5 Nxh5 18. Ng4 Ng8 19. Nf2 Qe8 20. Rc1 Rb7 21. Rc2 Qa8 22.
Nh1 Ngf6 23. f4 exf4 24. Bxf4 Nxf4 25. Qxf4 Qa7 26. Rg3 Qd4 27. h5 gxh5 28.
Bxh5 Bh6 29. Qh4 Ng8 30. Rf2 Be8 31. Bg4 Qxb4 32. Bf5+ Kh8 33. Rxg8+ Kxg8 34.
Rg2+ Bg7 35. Qh7# 1-0

[Event "Deutsche Ländermeisterschaft 2014"]
[Site "Hannover GER"]
[Date "2014.10.05"]
[Round "5"]
[White "Giede, Anna-Blume"]
[Black "Wurst, Benedikt"]
[Result "1/2-1/2"]
[Termination "normal"]
[Board "9.6"]
[WhiteElo "1456"]
[BlackElo "1437"]
[WhiteTeam "Team Nord"]
[BlackTeam "Mecklenburg-Vorpommern"]
[PlyCount "65"]
[WhiteFideId "12921980"]
[BlackFideId "12991791"]
[EventCountry "GER"]
[EventRounds "7"]
[EventType "team-swiss"]
[EventDate "2014.10.02"]

1. e4 e5 2. Nf3 Nc6 3. d4 exd4 4. Nxd4 Bc5 5. Be3 Nxd4 6. Bxd4 Bxd4 7. Qxd4 Qf6
8. Qxf6 Nxf6 9. Nc3 O-O 10. Bd3 a6 11. O-O d6 12. Rfe1 Re8 13. Nd5 Nxd5 14.
exd5 Bd7 15. Kf1 h6 16. Rxe8+ Rxe8 17. Re1 Kf8 18. Rxe8+ Kxe8 19. Ke2 Ke7 20.
Ke3 Kf6 21. f4 Bf5 22. Bxf5 Kxf5 23. h3 h5 24. c4 b6 25. b3 f6 26. Kf3 g5 27.
g4+ Kg6 28. f5+ Kh6 29. a4 hxg4+ 30. hxg4 Kg7 31. b4 Kf7 32. b5 axb5 33. axb5
1/2-1/2

[Event "Deutsche Ländermeisterschaft 2014"]
[Site "Hannover GER"]
[Date "2014.10.05"]
[Round "5"]
[White "Jörs, Pia-Milena"]
[Black "Caliebe, Nanke"]
[Result "1-0"]
[Termination "normal"]
[Board "9.7"]
[WhiteElo "1222"]
[BlackElo "1446"]
[WhiteTeam "Mecklenburg-Vorpommern"]
[BlackTeam "Team Nord"]
[PlyCount "69"]
[WhiteFideId "12964646"]
[BlackFideId "12980528"]
[EventCountry "GER"]
[EventRounds "7"]
[EventType "team-swiss"]
[EventDate "2014.10.02"]

1. e4 c5 2. Nf3 e6 3. d4 cxd4 4. Nxd4 Nc6 5. Nc3 Bb4 6. Be2 Bxc3+ 7. bxc3 d6 8.
O-O Nf6 9. Bf3 a6 10. Ba3 d5 11. exd5 Nxd5 12. Qd3 Nde7 13. Rfd1 Ne5 14. Qe3
Nxf3+ 15. Qxf3 Qc7 16. Re1 O-O 17. Qg3 Qxg3 18. hxg3 Re8 19. c4 Bd7 20. Rab1
Bc8 21. Rb6 Ra7 22. Bxe7 Rxe7 23. Nf5 Rc7 24. Nd6 Kf8 25. Reb1 Ra8 26. R1b2 Rb8
27. Rxa6 g6 28. Rb4 Rc5 29. Nxc8 Rbxc8 30. Rab6 Rd8 31. Kf1 Rd1+ 32. Ke2 Rc1
33. Kd2 Ra1 34. Rxb7 Rxa2 35. R7b5 1-0